| 000 | 01047nam a22002777a 4500 | ||
|---|---|---|---|
| 005 | 20170428100109.0 | ||
| 010 | _a1617EN ENG-116898 | ||
| 020 |
_a9788126556021 _c849.00 |
||
| 035 | _aB-653718-738 | ||
| 035 | _aB-669743 | ||
| 035 | _a1617EN | ||
| 035 | _aEN-100430 | ||
| 037 | _bABC | ||
| 037 | _bDBAD/PUB | ||
| 082 | _a530 | ||
| 100 | _aYoung, David | ||
| 245 |
_aCutnell & Johnson physics / _cby David Young [and] Shane Stadler |
||
| 260 |
_c2016 _aNew Delhi _bWiley India |
||
| 270 |
_a4435-36/7, Ansari Road,Daryaganj _bNew Delhi _e110002 |
||
| 300 |
_c25cm(pbk) _a836p : _bill. |
||
| 500 | _aIncludes index | ||
| 700 | _aStadler, Shane | ||
| 942 |
_cEN _2ddc _h530 _mCUT |
||
| 999 |
_c101820 _d101820 |
||